Normal view
MARC view
- Muhammad
Entry Topical Term
001 - CONTROL NUMBER
- control field: 121336
003 - CONTROL NUMBER IDENTIFIER
- control field: NUST
005 - DATE AND TIME OF LATEST TRANSACTION
- control field: 20240226145306.0
008 - FIXED-LENGTH DATA ELEMENTS
- fixed length control field: 240226|| aca||aabn | a|a d
040 ## - CATALOGING SOURCE
- Original cataloging agency: NUST
- Transcribing agency: NUST
150 ## - HEADING--TOPICAL TERM
- Topical term or geographic name entry element: Muhammad
- Chronological subdivision: Peghamber-e-Islam
670 ## - SOURCE DATA FOUND
- Source citation: Work cat.: (NUST): صفدرحسين 121236, قصصُ الانبيآ , 2000.
